Public and industrial water supplies of the Jackson Purchase region, Kentucky, by H.L. Pree, Jr. and W.H. Walker. (Record no. 28812)

MARC details
000 -LEADER
fixed length control field 01037cam a22002651 4500
001 - CONTROL NUMBER
control field gs 53000349
003 - CONTROL NUMBER IDENTIFIER
control field DLC
005 - DATE AND TIME OF LATEST TRANSACTION
control field 20260227111401.0
008 - FIXED-LENGTH DATA ELEMENTS--GENERAL INFORMATION
fixed length control field 851007s1953 dcuab b 000 0 eng c
010 ## - LIBRARY OF CONGRESS CONTROL NUMBER
LC control number gs 53000349
035 ## - SYSTEM CONTROL NUMBER
System control number (OCoLC)12639587
040 ## - CATALOGING SOURCE
Original cataloging agency U.S. Geol. Survey. Libr.
Transcribing agency TxHR
Modifying agency OCoLC
-- DLC
042 ## - AUTHENTICATION CODE
Authentication code premarc
050 00 - LIBRARY OF CONGRESS CALL NUMBER
Classification number QE75
Item number .C5 no. 287
100 1# - MAIN ENTRY--PERSONAL NAME
Personal name Pree, Henry L.
Fuller form of name (Henry Louis),
Dates associated with a name 1917-
245 10 - TITLE STATEMENT
Title Public and industrial water supplies of the Jackson Purchase region, Kentucky, by H.L. Pree, Jr. and W.H. Walker.
Statement of responsibility, etc. Prepared in cooperation with the Agricultural and Industrial Development Board of Kentucky.
260 ## - PUBLICATION, DISTRIBUTION, ETC.
Place of publication, distribution, etc. Washington, D.C.
Date of publication, distribution, etc. 1953.
300 ## - PHYSICAL DESCRIPTION
Extent i, 56 p.
Other physical details illus., maps (2 fold. in pocket)
Dimensions 27 cm.
440 #0 - SERIES STATEMENT/ADDED ENTRY--TITLE
Title Geological Survey circular,
Volume/sequential designation 287
504 ## - BIBLIOGRAPHY, ETC. NOTE
Bibliography, etc. note "References": p. 56.
650 #0 - SUBJECT ADDED ENTRY--TOPICAL TERM
Topical term or geographic name entry element Groundwater
Geographic subdivision Kentucky
-- Jackson Purchase Region.
650 #0 - SUBJECT ADDED ENTRY--TOPICAL TERM
Topical term or geographic name entry element Water-supply
Geographic subdivision Kentucky
-- Jackson Purchase Region.
650 #0 - SUBJECT ADDED ENTRY--TOPICAL TERM
Topical term or geographic name entry element Water
General subdivision Composition.
700 1# - ADDED ENTRY--PERSONAL NAME
Personal name Walker, William Henry,
Dates associated with a name 1924-

No items available.

Powered by Koha